| 000 | 00994nam a22001817a 4500 | ||
|---|---|---|---|
| 999 |
_c58972 _d58972 |
||
| 003 | Ge_BSU | ||
| 005 | 20221025155529.0 | ||
| 008 | 221025s2003 ge ||||| |||| 00| 0 geo d | ||
| 041 | _ageo | ||
| 080 | _a94(479.22)"1918.05" + 327(479.22)(09) შ-24 | ||
| 100 |
_aშარაძე, გიორგი _915538 |
||
| 245 |
_aსაქართველოს პირველი დემოკრატიული რესპუბლიკა და საგარეო პოლიტიკა / _c[რედ.: კახა სიხარულიძე] ; საქ. საგ. საქმ. სამინისტრო. |
||
| 264 |
_aთბილისი, _c2003. |
||
| 300 |
_a284 გვ. : _bილ. ; _c20 სმ. |
||
| 653 | _aსაქართველოს საგარეო პოლიტიკა | ||
| 653 | _a1918-1921 წლები -- საქართველოს დემოკრატიული რესპუბლიკა. | ||
| 942 |
_2udc _cBK |
||